[Event "PRO League Group Stage"]
[Site "chess.com INT"]
[Date "2019.02.01"]
[Round "4"]
[White "Andreikin, Dmitry"]
[Black "Bacrot, Etienne"]
[Result "1-0"]
[WhiteTitle "GM"]
[BlackTitle "GM"]
[WhiteElo "2725"]
[BlackElo "2684"]
[WhiteTeam "Volga Stormbringers"]
[BlackTeam "Marseille Migraines"]
[WhiteFideId "4158814"]
[BlackFideId "605506"]
[EventDate "2019.01.08"]

1. e4 c5 2. Nc3 Nc6 3. Nf3 e5 4. Bc4 g6 5. d3 h6 6. O-O Bg7 7. Ne1 Nge7 8. f4 d6
9. f5 gxf5 10. Qh5 Rf8 11. exf5 d5 12. Bb3 Bf6 13. Qxh6 Nxf5 14. Rxf5 Bxf5 15.
Nxd5 Be7 16. Nf3 Be6 17. c4 Qd6 18. Nf6+ Kd8 19. Ne4 Qxd3 20. Bg5 Kc7 21. Bxe7
Nxe7 22. Nxc5 Qg6 23. Qe3 Rad8 24. Nxe5 Qg7 25. Na6+ bxa6 26. Qxa7+ Kc8 27.
Qxa6+ Kb8 28. Qb6+ Kc8 29. Qc5+ Kb8 30. Qb6+ Kc8 31. Re1 Rg8 32. Qc5+ Kb8 33.
Qb6+ Kc8 34. g3 Qg5 35. Qc5+ Kb8 36. Qxe7 Qxe7 37. Nc6+ Kc7 38. Nxe7 Rge8 39.
Nd5+ Bxd5 40. Rxe8 Rxe8 41. cxd5 Re2 42. h4 Kd6 43. h5 Rxb2 44. h6 Re2 45. h7
Re8 46. Bc2 Rh8 47. g4 Kxd5 48. Kf2 Ke5 49. Ke3 Ra8 50. g5 Rh8 51. a4 f5 52. g6
Kf6 53. Bxf5 Kg7 54. Kd2 Ra8 55. Bc2 Rc8 56. Kd1 Rc5 57. Kc1 Rc3 58. Kb2 Rh3 59.
a5 Rh5 60. a6 Ra5 61. Bd3 Rd5 62. Kc3 1-0

[Event "PRO League Group Stage"]
[Site "chess.com INT"]
[Date "2019.02.01"]
[Round "4"]
[White "Le Roux, Jean-Pierre"]
[Black "Oparin, Grigoriy"]
[Result "1/2-1/2"]
[WhiteTitle "GM"]
[BlackTitle "GM"]
[WhiteElo "2533"]
[BlackElo "2613"]
[WhiteTeam "Marseille Migraines"]
[BlackTeam "Volga Stormbringers"]
[WhiteFideId "609404"]
[BlackFideId "24125890"]
[EventDate "2019.01.08"]

1. Nf3 Nf6 2. c4 e6 3. d4 b6 4. g3 Bb7 5. Bg2 Be7 6. O-O O-O 7. Re1 Na6 8. a3 d5
9. cxd5 exd5 10. Nc3 c5 11. Nh4 g6 12. Bg5 Ne4 13. Bxe7 Qxe7 14. Rc1 Rad8 15.
Nf3 Nc7 16. Qa4 Ne6 17. Red1 a6 18. Qb3 Rd6 19. dxc5 N6xc5 20. Qc2 Rc8 21. Nd4
Qf6 22. e3 Nxc3 23. Qxc3 Ne4 24. Qe1 Rdd8 25. h4 a5 26. Bh3 Rc5 27. b4 axb4 28.
axb4 Rc4 29. Bf1 Rcc8 30. Bh3 Rc4 31. Bf1 Rcc8 32. Bh3 Rc4 1/2-1/2

[Event "PRO League Group Stage"]
[Site "chess.com INT"]
[Date "2019.02.01"]
[Round "4"]
[White "Frolyanov, Dmitry"]
[Black "Sebag, Marie"]
[Result "1-0"]
[WhiteTitle "GM"]
[BlackTitle "GM"]
[WhiteElo "2517"]
[BlackElo "2476"]
[WhiteTeam "Volga Stormbringers"]
[BlackTeam "Marseille Migraines"]
[WhiteFideId "4151976"]
[BlackFideId "617822"]
[EventDate "2019.01.08"]

1. Nf3 d5 2. g3 Nf6 3. Bg2 Bf5 4. O-O c6 5. d3 e6 6. c4 Nbd7 7. cxd5 exd5 8. Nc3
Be7 9. Qc2 O-O 10. e4 dxe4 11. dxe4 Bg4 12. h3 Bxf3 13. Bxf3 Ne5 14. Bg2 Qd3 15.
Qxd3 Nxd3 16. Be3 Rfd8 17. Rab1 Bc5 18. Bxc5 Nxc5 19. e5 Nfd7 20. f4 Nb6 21. b4
Nd3 22. b5 Rac8 23. bxc6 bxc6 24. Ne4 Nc4 25. Rb7 a5 26. Rfb1 Nb4 27. Ng5 Rb8
28. Nxf7 Rxb7 29. Nxd8 Rc7 30. Rc1 Ne3 31. a3 Nbc2 32. Bxc6 Rc8 33. Be4 Rxd8 34.
Bxc2 Nxc2 35. Rxc2 Rd3 36. Kg2 Rxa3 37. Rc7 g6 38. g4 a4 39. Ra7 h5 40. gxh5
gxh5 41. f5 Re3 42. e6 a3 43. Ra5 Kg7 44. Kf2 Rb3 45. Ra7+ Kf6 46. Rf7+ Kg5 47.
e7 Rb8 48. Rf8 a2 49. Rxb8 a1=Q 50. e8=Q Qa7+ 51. Qe3+ 1-0

[Event "PRO League Group Stage"]
[Site "chess.com INT"]
[Date "2019.02.01"]
[Round "4"]
[White "Delorme, Alban"]
[Black "Garifullina, Leya"]
[Result "1/2-1/2"]
[WhiteTitle "FM"]
[BlackTitle "WCM"]
[WhiteElo "2320"]
[BlackElo "2132"]
[WhiteTeam "Marseille Migraines"]
[BlackTeam "Volga Stormbringers"]
[WhiteFideId "623636"]
[BlackFideId "34127035"]
[EventDate "2019.01.08"]

1. d4 e6 2. Nf3 Nf6 3. g3 d5 4. Bg2 Be7 5. O-O O-O 6. c4 Nbd7 7. Nc3 dxc4 8. a4
a5 9. e4 Nb6 10. Bf4 h6 11. Qe2 c6 12. Rfd1 Bb4 13. Ne5 Qe8 14. Nxc4 Nxc4 15.
Qxc4 b6 16. Na2 Ba6 17. Qc2 Be7 18. Rac1 Rc8 19. Qb3 b5 20. d5 bxa4 21. Qxa4
cxd5 22. Qxa5 Ra8 23. Qe1 Nxe4 24. Bxe4 dxe4 25. Qxe4 Qb5 26. Nc3 Qxb2 27. Be5
Qb4 28. Rd4 Qa3 29. Qe3 Bc5 30. Rg4 Bxe3 31. Rxg7+ Kh8 32. Rxf7+ Kg8 33. Rg7+
Kh8 34. Rf7+ Kg8 35. Rg7+ Kh8 36. Rf7+ Kg8 37. Rg7+ Kh8 38. Rf7+ Kg8 39. Rg7+
Kh8 40. Rf7+ 1/2-1/2

[Event "PRO League Group Stage"]
[Site "chess.com INT"]
[Date "2019.02.01"]
[Round "4"]
[White "Duda, Jan-Krzysztof"]
[Black "Bacrot, Etienne"]
[Result "0-1"]
[WhiteTitle "GM"]
[BlackTitle "GM"]
[WhiteElo "2738"]
[BlackElo "2684"]
[WhiteTeam "Cannes Blitzstreams"]
[BlackTeam "Marseille Migraines"]
[WhiteFideId "1170546"]
[BlackFideId "605506"]
[EventDate "2019.01.08"]

1. c4 e6 2. Nf3 d5 3. e3 Nf6 4. Nc3 Be7 5. b3 O-O 6. Bb2 b6 7. cxd5 exd5 8. d4
Bb7 9. Bd3 c5 10. O-O Nc6 11. Na4 Ne4 12. dxc5 bxc5 13. Ne5 Bd6 14. Bxe4 dxe4
15. Nc4 Be7 16. Qg4 g6 17. Qxe4 Qc7 18. Nc3 Nb4 19. Qg4 Nd3 20. Rad1 Nxb2 21.
Nxb2 Bf6 22. Nba4 Rad8 23. Rxd8 Rxd8 24. Rd1 Rxd1+ 25. Nxd1 Qd6 26. Qe2 c4 27.
f3 cxb3 28. axb3 Qb4 29. Qc4 Qd2 30. Qf1 Qc2 31. Nf2 Bd5 32. Ne4 Bxe4 33. fxe4
Bg5 34. h4 Bxe3+ 35. Kh2 Qxe4 36. Qc4 Bd4 37. g3 Qe3 38. Qd5 Kg7 39. Kh3 h5 40.
Qb7 Qe6+ 41. Kg2 Qe2+ 42. Kh3 Qf1+ 43. Qg2 Qxg2+ 44. Kxg2 Kf6 45. Kf3 Ke5 46. g4
hxg4+ 47. Kxg4 f6 48. b4 Ke4 49. b5 f5+ 50. Kg5 f4 0-1

[Event "PRO League Group Stage"]
[Site "chess.com INT"]
[Date "2019.02.01"]
[Round "4"]
[White "Le Roux, Jean-Pierre"]
[Black "Velten, Paul"]
[Result "0-1"]
[WhiteTitle "GM"]
[BlackTitle "GM"]
[WhiteElo "2533"]
[BlackElo "2496"]
[WhiteTeam "Marseille Migraines"]
[BlackTeam "Cannes Blitzstreams"]
[WhiteFideId "609404"]
[BlackFideId "681091"]
[EventDate "2019.01.08"]

1. Nf3 Nf6 2. g3 b5 3. Bg2 Bb7 4. d3 g6 5. O-O Bg7 6. e4 O-O 7. a4 a6 8. axb5
axb5 9. Rxa8 Bxa8 10. Na3 b4 11. Nc4 d6 12. Re1 c5 13. e5 Nd5 14. exd6 exd6 15.
Ng5 Nb6 16. Bxa8 Nxa8 17. Bf4 d5 18. Nd6 Qd7 19. Ngxf7 Nc6 20. Ng5 Nb6 21. Ne6
Rxf4 22. Nxf4 Qxd6 23. Re6 Qd7 24. h4 Be5 25. Qe1 Nd4 0-1

[Event "PRO League Group Stage"]
[Site "chess.com INT"]
[Date "2019.02.01"]
[Round "4"]
[White "Barseghyan, Harutyun"]
[Black "Sebag, Marie"]
[Result "1-0"]
[WhiteTitle "IM"]
[BlackTitle "GM"]
[WhiteElo "2457"]
[BlackElo "2476"]
[WhiteTeam "Cannes Blitzstreams"]
[BlackTeam "Marseille Migraines"]
[WhiteFideId "13304585"]
[BlackFideId "617822"]
[EventDate "2019.01.08"]

1. d4 Nf6 2. Nf3 e6 3. Bf4 d5 4. e3 c5 5. c3 Nc6 6. Nbd2 Bd6 7. Bg3 O-O 8. Bb5
Ne7 9. Bd3 b6 10. e4 Bxg3 11. hxg3 Ng6 12. e5 Nd7 13. Nh4 f5 14. Nxg6 hxg6 15.
f4 Kf7 16. Nf3 Rh8 17. Kf2 b5 18. Ng5+ Ke7 19. Rxh8 Qxh8 20. Qh1 Ba6 21. a4 c4
22. axb5 Bxb5 23. Bc2 a6 24. Qb1 Rb8 25. Qa2 Rb6 26. Rb1 Ke8 27. Qa1 Qg8 28. Rh1
Kd8 29. Rh8 Qxh8 30. Nf7+ Ke8 31. Nxh8 Nf8 32. Qa5 Rb7 33. Qa3 Bd7 34. Ke3 Rb6
35. Kd2 a5 36. Qxa5 Rxb2 37. Qa8+ 1-0

[Event "PRO League Group Stage"]
[Site "chess.com INT"]
[Date "2019.02.01"]
[Round "4"]
[White "Delorme, Alban"]
[Black "Bordi, Kevin"]
[Result "0-1"]
[WhiteTitle "FM"]
[WhiteElo "2320"]
[BlackElo "2288"]
[WhiteTeam "Marseille Migraines"]
[BlackTeam "Cannes Blitzstreams"]
[WhiteFideId "623636"]
[BlackFideId "621862"]
[EventDate "2019.01.08"]

1. d4 d5 2. Nf3 Nf6 3. g3 c6 4. Bg2 Bf5 5. O-O e6 6. c4 Be7 7. Nc3 O-O 8. Nh4
Bg4 9. h3 Bh5 10. g4 Nfd7 11. Nf3 Bg6 12. cxd5 cxd5 13. Bf4 Qb6 14. Qa4 Qxb2 15.
Rfc1 Nc6 16. Ne5 Ndxe5 17. dxe5 Qb4 18. Qxb4 Bxb4 19. Nb5 a6 20. Nd6 Ba3 21. Rd1
Bb2 22. Nxb7 Rfb8 23. Nc5 Bxa1 24. Rxa1 Rb2 25. e4 Nd4 26. Bg3 Rc8 27. Nd3 Rd2
28. Nf4 Bxe4 29. Bxe4 dxe4 30. Rb1 Ne2+ 31. Nxe2 Rxe2 32. a4 Rec2 33. Rb6 R2c6
34. Rb3 Rc4 35. a5 Ra4 36. Rf3 exf3 0-1

[Event "PRO League Group Stage"]
[Site "chess.com INT"]
[Date "2019.02.01"]
[Round "4"]
[White "Vidit, Santosh Gujrathi"]
[Black "Andreikin, Dmitry"]
[Result "1/2-1/2"]
[WhiteTitle "GM"]
[BlackTitle "GM"]
[WhiteElo "2695"]
[BlackElo "2725"]
[WhiteTeam "Mumbai Movers"]
[BlackTeam "Volga Stormbringers"]
[WhiteFideId "5029465"]
[BlackFideId "4158814"]
[EventDate "2019.01.08"]

1. d4 d5 2. c4 c6 3. Nf3 Nf6 4. e3 Bf5 5. Nc3 a6 6. Bd3 Bxd3 7. Qxd3 e6 8. e4
dxe4 9. Nxe4 Nxe4 10. Qxe4 Bb4+ 11. Kf1 Be7 12. g3 Nd7 13. Kg2 O-O 14. Qe2 b5
15. Be3 Nb6 16. b3 Qc7 17. Ne5 bxc4 18. Nxc4 Nd5 19. Rac1 Rfc8 20. Qf3 a5 21.
Ne5 Bf6 22. Rxc6 Qb7 23. Rhc1 Bxe5 24. Rxc8+ Rxc8 25. Rxc8+ Qxc8 26. dxe5 Qc2
27. a4 Qxb3 28. Qe4 Qb2 29. h4 h6 30. Bc5 h5 31. Bd6 Qb3 32. Bc5 Qb7 33. Kf3
Qb3+ 34. Kg2 Qb7 35. Kf3 Qc6 36. Be3 Qc3 37. Kg2 Qb2 38. Bc5 Qb7 39. Kf3 1/2-1/2

[Event "PRO League Group Stage"]
[Site "chess.com INT"]
[Date "2019.02.01"]
[Round "4"]
[White "Oparin, Grigoriy"]
[Black "Ganguly, Surya Shekhar"]
[Result "1-0"]
[WhiteTitle "GM"]
[BlackTitle "GM"]
[WhiteElo "2613"]
[BlackElo "2638"]
[WhiteTeam "Volga Stormbringers"]
[BlackTeam "Mumbai Movers"]
[WhiteFideId "24125890"]
[BlackFideId "5002150"]
[EventDate "2019.01.08"]

1. Nf3 Nf6 2. g3 g6 3. c4 Bg7 4. Bg2 O-O 5. Nc3 d6 6. O-O e5 7. d3 Nc6 8. Rb1 a5
9. a3 Re8 10. b4 e4 11. dxe4 axb4 12. axb4 Nxe4 13. Nxe4 Rxe4 14. b5 Nd4 15.
Nxd4 Rxd4 16. Qb3 Be6 17. Bxb7 Bxc4 18. Qe3 Ra4 19. Bb2 Bxb5 20. Bxd4 Bxd4 21.
Qf3 Qe8 22. Rxb5 Qxb5 23. Bc6 Qa6 24. Be8 Qc4 25. Bxa4 Qxa4 26. e3 Be5 27. Qd5
Qc2 28. Qd1 Qe4 29. Qb1 Qa8 30. Rc1 c5 31. Qd3 Qf3 32. Qd1 Qe4 33. Qe2 h5 34.
Rc4 Qb1+ 35. Kg2 Kg7 36. Rc2 Qb3 37. Qc4 Qb7+ 38. f3 Qb1 39. Rd2 Qe1 40. Qe2 Qb1
41. f4 Qe4+ 42. Qf3 Qb4 43. Qe2 Qe4+ 44. Kg1 Bf6 45. Rxd6 c4 46. Rd2 c3 47. Rc2
h4 48. gxh4 Qf5 49. Kg2 Qe4+ 50. Kg3 Qe7 51. h5 gxh5 52. e4 Qc5 53. e5 Bd8 54.
Qf3 Ba5 55. Kh3 Kf8 56. Qa8+ Ke7 57. Qe4 Qg1 58. Qb7+ Kf8 59. Qa8+ Ke7 60. Qb7+
Kf8 61. Qf3 Qb1 62. Qd3 Qg1 63. Qf3 Qb1 64. Qa8+ Ke7 65. Qg2 Qd1 66. Qe2 Qg1 67.
f5 Bb4 68. Ra2 Qd4 69. f6+ Ke6 70. Qxh5 Qe3+ 71. Kh4 Qe1+ 72. Kh3 Qe3+ 73. Kg2
c2 74. Qg4+ Kd5 75. Rxc2 Bd2 76. Qf3+ Qxf3+ 77. Kxf3 1-0

[Event "PRO League Group Stage"]
[Site "chess.com INT"]
[Date "2019.02.01"]
[Round "4"]
[White "Sadhwani, Raunak"]
[Black "Frolyanov, Dmitry"]
[Result "1-0"]
[WhiteTitle "IM"]
[BlackTitle "GM"]
[WhiteElo "2451"]
[BlackElo "2517"]
[WhiteTeam "Mumbai Movers"]
[BlackTeam "Volga Stormbringers"]
[WhiteFideId "35093487"]
[BlackFideId "4151976"]
[EventDate "2019.01.08"]

1. e4 e5 2. Bc4 Nf6 3. Nc3 Nc6 4. d3 Na5 5. Nge2 Be7 6. O-O O-O 7. a4 Nxc4 8.
dxc4 d6 9. Qd3 Be6 10. b3 Nd7 11. Be3 f5 12. exf5 Bxf5 13. Qd2 c6 14. Ng3 Bg6
15. Rad1 Nf6 16. Bg5 Qc7 17. Bxf6 Rxf6 18. Nge4 Rf4 19. f3 Rd8 20. Kh1 h6 21.
Qe2 Kh7 22. Rd2 Qc8 23. Rfd1 Qe6 24. Qe3 b6 25. a5 Bxe4 26. Nxe4 d5 27. axb6
axb6 28. Nf2 Bb4 29. c3 Bc5 30. Qe2 Bxf2 31. Qxf2 d4 32. cxd4 Rfxd4 33. Rxd4
exd4 34. Rxd4 Rxd4 35. Qxd4 Qe1+ 36. Qg1 Qe2 37. Qxb6 Qd1+ 38. Qg1 Qxb3 39. Qc1
Qd3 40. h3 Kg6 41. Qf4 Qd7 42. Qe5 Kf7 43. Kh2 Qe6 44. Qf4+ Ke7 45. Qc7+ Kf6 46.
Qf4+ Ke7 47. c5 Qd5 48. Qe3+ Kf6 49. f4 g5 50. Kg3 Kf7 51. Qf3 gxf4+ 52. Qxf4+
Ke7 53. Qe3+ Kd7 54. Kh2 h5 55. g4 hxg4 56. hxg4 Qd1 57. Kg3 Qc2 58. Qd4+ Ke8
59. Qe5+ Kd7 60. Qd6+ Kc8 61. Qxc6+ Kb8 62. Qd6+ Ka8 63. Qd4 Kb7 64. Qe3 Kc6 65.
Qe6+ Kb5 66. Qe5 Qd3+ 67. Kf4 Qd2+ 68. Kf5 Qd3+ 69. Kf6 Qf3+ 70. Qf5 Qc6+ 71.
Kg5 Qg2 72. Kg6 Qc6+ 73. Kg5 Qg2 74. Qe5 Qd2+ 75. Kg6 Qd3+ 76. Qf5 Qd8 77. c6+ 1-0

[Event "PRO League Group Stage"]
[Site "chess.com INT"]
[Date "2019.02.01"]
[Round "4"]
[White "Garifullina, Leya"]
[Black "Aditya, Mittal"]
[Result "0-1"]
[WhiteTitle "WCM"]
[BlackTitle "CM"]
[WhiteElo "2132"]
[BlackElo "2251"]
[WhiteTeam "Volga Stormbringers"]
[BlackTeam "Mumbai Movers"]
[WhiteFideId "34127035"]
[BlackFideId "35042025"]
[EventDate "2019.01.08"]

1. e4 c5 2. Nf3 d6 3. d4 cxd4 4. Nxd4 Nf6 5. Nc3 a6 6. h3 e6 7. g4 b5 8. Bg2 Bb7
9. O-O Nfd7 10. Re1 Ne5 11. f4 Nec6 12. Be3 Be7 13. f5 Nxd4 14. Bxd4 O-O 15. Rf1
Nc6 16. f6 Bxf6 17. Bxf6 gxf6 18. Ne2 Ne5 19. Ng3 Kh8 20. Nh5 f5 21. exf5 Qb6+
22. Kh2 Bxg2 23. Kxg2 Nc4 24. Qf3 Ne3+ 25. Kh1 Nxf1 26. Rxf1 e5 27. c3 Rac8 28.
Kh2 f6 29. h4 Rc4 30. Kh3 Qc6 31. Qe3 Qe4 32. Qxe4 Rxe4 33. Rf2 d5 34. g5 fxg5
35. hxg5 d4 36. cxd4 exd4 37. Nf6 Re3+ 38. Kg4 d3 39. Rh2 Rf7 40. Kf4 Re2 41.
Rh3 Rf2+ 42. Kg4 Rd2 43. Re3 Rxf6 44. gxf6 Kg8 45. Kf4 Kf7 46. Ke5 Re2 47. Kd4
Rxe3 48. Kxe3 Kxf6 49. Kxd3 Kxf5 50. Ke3 Kg4 51. Kf2 Kf4 52. Kg2 Ke4 53. Kh3 Kd3 0-1

[Event "PRO League Group Stage"]
[Site "chess.com INT"]
[Date "2019.02.01"]
[Round "4"]
[White "Van Wely, Loek"]
[Black "Gupta, Abhijeet"]
[Result "0-1"]
[WhiteTitle "GM"]
[BlackTitle "GM"]
[WhiteElo "2622"]
[BlackElo "2581"]
[WhiteTeam "Amsterdam Mosquitoes"]
[BlackTeam "Delhi Dynamite"]
[WhiteFideId "1000268"]
[BlackFideId "5010608"]
[EventDate "2019.01.08"]

1. Nf3 Nf6 2. c4 g6 3. Nc3 d5 4. d4 Bg7 5. cxd5 Nxd5 6. Bg5 Nxc3 7. bxc3 O-O 8.
e3 c5 9. Bd3 h6 10. Bh4 Nc6 11. O-O b6 12. Be4 Bb7 13. dxc5 Qc7 14. cxb6 axb6
15. Bg3 Qc8 16. Rb1 Na5 17. Bxb7 Qxb7 18. Be5 Rfd8 19. Qe2 Bxe5 20. Nxe5 Qe4 21.
Nf3 Nc4 22. Rb4 Rac8 23. Nd4 Qd5 24. e4 Qc5 25. h4 e5 26. Nb3 Qc6 27. a4 h5 28.
Rb1 Rc7 29. Rd1 Ra8 30. Qf3 Kg7 31. Ra1 Rca7 32. Qd3 Rxa4 33. Rxc4 Rxa1+ 34.
Nxa1 Rxa1+ 35. Kh2 Qf6 36. Qg3 Rf1 37. f3 Qd6 38. Rc8 f6 39. Qh3 Qd1 40. Rc7+
Kh6 41. Qd7 Rh1+ 0-1

[Event "PRO League Group Stage"]
[Site "chess.com INT"]
[Date "2019.02.01"]
[Round "4"]
[White "Narayanan, S.L."]
[Black "Van Foreest, Jorden"]
[Result "1-0"]
[WhiteTitle "GM"]
[BlackTitle "GM"]
[WhiteElo "2575"]
[BlackElo "2612"]
[WhiteTeam "Delhi Dynamite"]
[BlackTeam "Amsterdam Mosquitoes"]
[WhiteFideId "5058422"]
[BlackFideId "1039784"]
[EventDate "2019.01.08"]

1. Nf3 d5 2. g3 Nc6 3. d4 Bf5 4. Bg2 Nb4 5. Na3 e6 6. O-O Be7 7. Bf4 h6 8. c3
Na6 9. Qb3 Qc8 10. c4 Nf6 11. Rac1 O-O 12. Nb5 Nh5 13. Bxc7 dxc4 14. Rxc4 Nxc7
15. Rxc7 Qd8 16. Ne5 Bf6 17. Bxb7 Bxe5 18. dxe5 Rb8 19. Rd1 Qg5 20. Qe3 Qxe3 21.
fxe3 f6 22. Nxa7 fxe5 23. Nc6 Rbe8 24. Nxe5 Nf6 25. a4 Nd5 26. Rd7 Nxe3 27. Rc1
Bh3 28. Bf3 Rf5 29. Nc6 Kh8 30. a5 e5 31. Be4 Rf6 32. Rd8 Rxd8 33. Nxd8 Bg4 34.
b4 Bxe2 35. Nf7+ Kg8 36. Nxe5 g5 37. Re1 Kg7 38. Nf3 Bxf3 39. Rxe3 Bg4 40. b5
Rd6 41. Bf3 Bh3 42. g4 h5 43. gxh5 g4 44. Bxg4 Rd1+ 1-0

[Event "PRO League Group Stage"]
[Site "chess.com INT"]
[Date "2019.02.01"]
[Round "4"]
[White "Lopez, Jasel"]
[Black "Nihal, Sarin"]
[Result "0-1"]
[WhiteTitle "FM"]
[BlackTitle "GM"]
[WhiteElo "2388"]
[BlackElo "2578"]
[WhiteTeam "Amsterdam Mosquitoes"]
[BlackTeam "Delhi Dynamite"]
[WhiteFideId "15900045"]
[BlackFideId "25092340"]
[EventDate "2019.01.08"]

1. Nf3 d5 2. d4 Nf6 3. c4 e6 4. Nc3 Be7 5. Bg5 O-O 6. e3 h6 7. Bh4 Nbd7 8. Rc1
dxc4 9. Bxc4 a6 10. a4 b6 11. O-O Bb7 12. Qe2 Nd5 13. Bg3 Nxc3 14. bxc3 Bd6 15.
Bd3 Bxg3 16. hxg3 c5 17. e4 Qe7 18. Bb1 Rfd8 19. Rfd1 Rac8 20. Bd3 a5 21. Qe3
Bc6 22. Ra1 Nf6 23. Ne5 Be8 24. Bb5 Qb7 25. f3 cxd4 26. cxd4 Rc2 27. Rac1 Rdc8
28. Bxe8 Nxe8 29. Rxc2 Rxc2 30. d5 exd5 31. Rxd5 Qc7 32. Qb3 Rc3 33. Qa2 Kh7 34.
Kh2 h5 35. Qd2 Nf6 36. Rb5 Rc5 37. Rxc5 bxc5 38. Nc4 h4 39. e5 hxg3+ 40. Kxg3
Nh5+ 41. Kh3 Qc8+ 42. g4 Qe6 43. Nxa5 g6 44. Nc4 Qxc4 45. gxh5 Qxa4 46. e6 fxe6
47. hxg6+ Kxg6 48. Qd6 Qc4 49. Kg3 Qd5 50. Qe7 Qg5+ 51. Qxg5+ Kxg5 52. f4+ Kf5
53. Kf3 c4 54. Ke3 c3 55. Kd3 Kxf4 56. Kxc3 Ke3 57. Kc2 e5 0-1

[Event "PRO League Group Stage"]
[Site "chess.com INT"]
[Date "2019.02.01"]
[Round "4"]
[White "Manu, David Suthandram R"]
[Black "Van der Lende, Ilias"]
[Result "1-0"]
[BlackTitle "FM"]
[WhiteElo "2252"]
[BlackElo "2334"]
[WhiteTeam "Delhi Dynamite"]
[BlackTeam "Amsterdam Mosquitoes"]
[WhiteFideId "35019562"]
[BlackFideId "1019260"]
[EventDate "2019.01.08"]

1. e4 e6 2. Nf3 d5 3. Nc3 Nf6 4. e5 Nfd7 5. d4 c5 6. dxc5 Nc6 7. Bf4 Bxc5 8. Bd3
h6 9. Qe2 a6 10. O-O-O Nb4 11. a3 Nxd3+ 12. Rxd3 Nb6 13. Rhd1 Bd7 14. Nd4 Rc8
15. Qh5 Nc4 16. Nb3 g6 17. Qf3 Qb6 18. Re1 a5 19. Nd1 Be7 20. Nd2 Bc6 21. Qg3 g5
22. Be3 Qc7 23. Nxc4 dxc4 24. Rd4 b5 25. f4 Bc5 26. Rd2 Bxe3 27. Nxe3 c3 28.
bxc3 Qe7 29. Rd6 gxf4 30. Qxf4 Qg5 31. Qd4 O-O 32. h4 Qg3 33. Rf1 Kh8 34. Qf4
Qxf4 35. Rxf4 Bd5 36. Nxd5 exd5 37. Rxd5 Rxc3 38. Kb2 Rfc8 39. Rf2 b4 40. axb4
axb4 41. Rb5 R3c4 42. Rb7 Rxh4 43. Rbxf7 Kg8 44. e6 Rhc4 45. R7f6 Kg7 46. e7 Re8
47. Rf7+ Kg6 48. R2f6+ Kg5 49. Re6 Rc7 50. Kb3 Rb7 51. Kc4 Rc8+ 52. Kd4 Rd7+ 53.
Ke3 Re8 54. Ke4 h5 55. Ke5 h4 56. Rf5+ Kg4 57. Rg6# 1-0

[Event "PRO League Group Stage"]
[Site "chess.com INT"]
[Date "2019.02.01"]
[Round "4"]
[White "Huschenbeth, Niclas"]
[Black "Andriasian, Zaven"]
[Result "1/2-1/2"]
[WhiteTitle "GM"]
[BlackTitle "GM"]
[WhiteElo "2585"]
[BlackElo "2604"]
[WhiteTeam "Berlin Bears"]
[BlackTeam "Armenia Eagles"]
[WhiteFideId "24604747"]
[BlackFideId "13302000"]
[EventDate "2019.01.08"]

1. e4 c5 2. Nf3 d6 3. Bb5+ Nc6 4. O-O Bd7 5. Re1 Nf6 6. c3 a6 7. Bf1 Bg4 8. h3
Bxf3 9. Qxf3 e6 10. Qd1 d5 11. e5 Nd7 12. d4 Rc8 13. Na3 cxd4 14. cxd4 Bb4 15.
Re3 Qb6 16. Nc2 Be7 17. Rg3 g6 18. Bh6 Bf8 19. Bxf8 Kxf8 20. Rb3 Qa7 21. Qd2 h5
22. Rd1 Kg7 23. Ne1 Rc7 24. Nf3 Ne7 25. Bd3 b5 26. Qf4 Qb8 27. Ng5 Qe8 28. Bb1
h4 29. Rf3 Nf5 30. Bxf5 gxf5 31. g4 hxg3 32. fxg3 Nf8 33. Rc1 Rxc1+ 34. Qxc1 Ng6
35. Qc7 b4 36. h4 Qe7 37. Qc6 Qa7 38. Rxf5 Nxe5 39. Nxe6+ fxe6 40. Qxe6 Qxd4+
41. Kh2 Ng6 42. h5 Rxh5+ 43. Rxh5 Qf2+ 44. Kh3 Qf1+ 45. Kh2 Qf2+ 46. Kh3 Qf1+
47. Kh2 Qf2+ 1/2-1/2

[Event "PRO League Group Stage"]
[Site "chess.com INT"]
[Date "2019.02.01"]
[Round "4"]
[White "Martirosyan, Haik M."]
[Black "Lampert, Jonas"]
[Result "1-0"]
[WhiteTitle "GM"]
[BlackTitle "IM"]
[WhiteElo "2607"]
[BlackElo "2544"]
[WhiteTeam "Armenia Eagles"]
[BlackTeam "Berlin Bears"]
[WhiteFideId "13306553"]
[BlackFideId "1303759"]
[EventDate "2019.01.08"]

1. e4 c5 2. Nf3 d6 3. Bb5+ Bd7 4. c4 Nf6 5. Nc3 g6 6. O-O Bg7 7. d4 cxd4 8. Nxd4
O-O 9. f3 Nc6 10. Be3 a6 11. Bxc6 bxc6 12. c5 Re8 13. Nb3 Be6 14. Nd4 Bd7 15.
Qd2 Qc7 16. Rac1 d5 17. exd5 Nxd5 18. Nxd5 cxd5 19. f4 e5 20. fxe5 Qxe5 21. Bf2
Qh5 22. c6 Bg4 23. Rce1 Re4 24. Rxe4 dxe4 25. h3 Be5 26. Qe3 Rd8 27. Qxe4 Bc8
28. Nf3 Bxb2 29. c7 Rf8 30. Rd1 Qa5 31. Bg3 Bf6 32. Bd6 Bf5 33. Bxf8 Kxf8 34.
Qa8+ Kg7 35. c8=Q Bxc8 36. Qxc8 Qxa2 37. Qc6 a5 38. Qd5 Qa3 39. Kh1 a4 40. Qc4
h5 41. h4 Qe7 42. Qxa4 Qe2 43. Re1 Qf2 44. Qf4 Qa2 45. Rf1 Qa6 46. Ng5 Qc6 47.
Ne4 1-0

[Event "PRO League Group Stage"]
[Site "chess.com INT"]
[Date "2019.02.01"]
[Round "4"]
[White "Baldauf, Marco"]
[Black "Sargsyan, Shant"]
[Result "0-1"]
[WhiteTitle "IM"]
[BlackTitle "IM"]
[WhiteElo "2485"]
[BlackElo "2486"]
[WhiteTeam "Berlin Bears"]
[BlackTeam "Armenia Eagles"]
[WhiteFideId "4688210"]
[BlackFideId "13306766"]
[EventDate "2019.01.08"]

1. d4 Nf6 2. c4 g6 3. Nc3 d5 4. Bf4 Bg7 5. e3 O-O 6. Rc1 c5 7. dxc5 Be6 8. Nf3
Nc6 9. Be2 Ne4 10. Nd4 Nxd4 11. exd4 Nxc3 12. bxc3 dxc4 13. O-O Bd5 14. Bf3 Qd7
15. Re1 Rfe8 16. Bxd5 Qxd5 17. Qa4 e5 18. Bxe5 Bxe5 19. Rxe5 Rxe5 20. dxe5 Qxc5
21. Qd7 Qxe5 22. Qxb7 Rd8 23. Qxa7 Qxc3 24. Qe3 Qb2 25. g3 Qxa2 26. Qc5 Rd2 27.
Qc8+ Kg7 28. Qxc4 Rxf2 29. Qd4+ Rf6 30. Rf1 Qa6 31. Rf2 Qb6 32. Qxb6 Rxb6 33.
Kg2 g5 34. Ra2 Kg6 35. h3 f5 36. Rc2 Re6 37. Ra2 h5 38. Rb2 Ra6 39. Rc2 h4 40.
gxh4 gxh4 41. Rc8 Ra2+ 42. Kf3 Ra3+ 43. Kf2 Rxh3 44. Ra8 Kg5 45. Ra4 Rg3 46. Rb4
Rg4 47. Rb8 h3 48. Rg8+ Kf4 49. Rh8 Rg2+ 50. Kf1 Rg3 51. Kf2 Ra3 52. Rh4+ Ke5
53. Rh8 Ke4 54. Rh7 Ra2+ 55. Kg1 Rg2+ 56. Kf1 Rg3 57. Kf2 Ra3 58. Rh8 h2 59. Kg2
h1=Q+ 60. Kxh1 Rg3 61. Ra8 Kf3 62. Kh2 Rg2+ 63. Kh1 Re2 64. Ra3+ Re3 65. Ra2
Re1+ 66. Kh2 Re2+ 67. Rxe2 Kxe2 68. Kg3 Ke3 69. Kg2 f4 70. Kf1 Kf3 0-1